01729nam a2200241 450000500170000000800410001704000440005804100080010208200140011010000430012424501210016725000220028826000790031030000520038949000460044150005310048750503000101850600210131860000380133965000400137765000350141770000350145220180626090654.0180522s1936 sp a|||fr|||| 001 0bspa d aCO-BoUCMbspacSandra YazodSandra Yazo0 aspa04220a923.31 aMorales, María Luz‏d1889-1980‏ 10aJulio CésarbVida y hechos relatados a los niños por María Luz Morales ; Con ilustraciones de José Segrelles aTercera edición aBarcelona (España)bEditorial Araluce ; Talleres Gráficos Avantec1936 aviii, 159 páginasbilustracionesc17 x 12 cm. 4aLos grandes hechos de los grandes hombres aDetalles físicos: Encuadernación rígida en cartón forrado en tela texturizada. Lomo y tapa delantera con datos de publicación y adornos en dorado, tapa delantera con una ilustración a color. Guardas decoradas. Anteportada. Portada impresa en una sola tinta, enmarcada en orla decorativa y marca tipográfica de la Editorial. Texto impreso en una sola columna. Mayúsculas capitales. Ilustraciones de página entera y a color fuera del texto. Índices. Conserva cinta para señalar la lectura. Cortes decorados0 aPrólogo ; La época de César ; Juventud de César ; Pontífice, Pretor y Cónsul ; César en las Galias ; Nuevos triunfos de César ; Invasión de las islas Británicas ; Vercingetorix ; César y Pompeyo ; César en Oriente ; Alejandría ; César, Dictador ; Fin de Julio César aConsulta en sala14aCayo, Julio CésarxBiografías 7aLíderes políticosxBiografías 7aLibros y lectura para niños 1 aSegrelles, José eilustrador